| 000 | 00000nam 2200000za 4500 |
| 001 | 9.674589 |
| 003 | CaOODSP |
| 005 | 20250320104234 |
| 007 | cr ||||||||||| |
| 008 | 150407|2005||||xxc|||||o f|0| 0 rus d |
| 020 | |a978-0-662-02987-8 |
| 040 | |aCaOODSP|beng |
| 043 | |an-cn--- |
| 086 | 1 |aH21-261/2005Rus-PDF|zH21-261/2005Ru-PDF |
| 110 | 1 |aCanada.|bHealth Canada. |bHealth Policy Branch. |
| 245 | 10|a[Canada's health care system] |h[electronic resource]. |
| 250 | |a[Russian edition]. |
| 260 | |aOttawa - Ontario : |bHealth Canada. |cc2005. |
| 300 | |a28p.|bcoloured figs., coloured illus. |
| 500 | |aIncorrect catalogue number (H21-261/2005Ru) and ISBN (0-662-02903-8) copied in this electronic publication. |
| 500 | |aIssued also in English under title: Canada's health care system. |
| 504 | |aBibliography. |
| 546 | |aText in Russian. |
| 590 | |a13-24-Supp|b2013-10-18 |
| 690 | 07|aHealth care system|2gcpds |
| 775 | 08|tCanada's health care system |w(CaOODSP)9.687882 |
| 792 | |t[Le système des soins de santé du Canada] |efre|w(CaOODSP)9.674590 |
| 856 | 40|ahttp://publications.gc.ca|qPDF|s864 KB|uhttps://publications.gc.ca/collections/collection_2013/sc-hc/H21-261-2005-rus.pdf |
| 986 | |aHC Pub.: 5912 |